| 000 | 00578nam a2200217Ia 4500 | ||
|---|---|---|---|
| 003 | 0100 | ||
| 008 | 130227s9999 xx 000 0 und d | ||
| 040 | _cARRUPELIB | ||
| 050 | _aDT365.45S93N87 1984 | ||
| 100 | _aNurse, Derek | ||
| 245 | 4 | _aThe Swahili | |
| 245 | _breconstructing the history and language of an African society. 800-1500 | ||
| 260 | _aPhiladelphia | ||
| 260 | _bUniversity of Pennsylvania Press | ||
| 260 | _C1984 | ||
| 300 | _aviii | ||
| 300 | _b133p. 23cm. | ||
| 650 | _bEquiano, Olaudah, b 1745 | ||
| 650 | _cSlaves- Biography | ||
| 942 |
_2lcc _03 |
||
| 999 |
_c5911 _d5911 |
||